| 000 | 00431nam a22001697a 4500 | ||
|---|---|---|---|
| 005 | 20250319153207.0 | ||
| 008 | 250319b |||||||| |||| 00| 0 eng d | ||
| 050 |
_aHD31 _bANT |
||
| 100 | _aAnthony, Robert N. | ||
| 245 | _aManagement control system | ||
| 250 | _a10th | ||
| 260 |
_aBoston _bMcGraw-Hill _cc2001 |
||
| 300 |
_axxii, 778p; _bill.; |
||
| 500 | _aincludes index | ||
| 700 | _aGovindarajan, Vijay | ||
| 942 |
_2lcc _cBK _n0 |
||
| 999 |
_c4962 _d4962 |
||